| Поле | Название | Значение |
| |
Тип записи |
c |
| |
Библиографический уровень |
m |
| 001 |
Контрольный номер |
UONB/NOTY/87d00db9f1a54bf49679e455035c0e33 |
| 005 |
Дата корректировки |
20251120111146.9 |
| 010 |
Индекс ISBN |
__ |
| 9 |
Тираж |
7540 экз. |
| 013 |
Номер (ISMN) |
__ |
| d |
Цена |
70 к. |
| 071 |
Издательские номер (звукозапись и ноты) |
21 |
| a |
Номер, присвоенный агентством |
2636 |
| 100 |
Данные общей обработки |
__ |
| a |
Данные общей обработки |
20220712 1981 u##y0rusy0189 ca |
| 101 |
Язык документа |
0_ |
| a |
Язык текста |
rus |
| f |
Язык титульного листа |
rus |
| 102 |
Страна публикации |
__ |
| a |
Страна публикации |
RU |
| 125 |
Кодированные данные звукозаписи и нотных изданий |
__ |
| a |
Форма изложения нотного текста |
m |
| 128 |
Кодированные данные (звукозаписи-физические характеристики) |
__ |
| a |
Кодированные данные: Музыкальная форма и тональность или лад |
cр |
| b |
Инструменты или голоса, необходимые для ансамблей (устаревшее) |
cu |
| c |
Инструменты или голоса, рекомендуемые для солистов (устаревшее) |
vu |
| 200 |
Заглавие и сведения об ответственности |
1_ |
| a |
Заглавие |
Вып. 4 |
| f |
Первые сведения об ответственности |
сост. С. Грибков, В. Модель |
| 203 |
Вид содержания и тип средства |
__ |
| a |
Вид содержания |
Музыка |
| b |
Характеристика содержания |
знаковая |
| c |
Тип средства |
непосредственная |
| 210 |
Выходные данные |
1_ |
| d |
Дата издания |
1981 |
| 215 |
Физическое описание |
__ |
| a |
Объем |
55 с. включ. обл. |
| 327 |
Примечание о содержании |
01 |
| a |
Примечание о содержании |
Содерж. : Мажуков А. Наша биография / сл. А. Монастырева, О. Писаржевской. - Посеяли девки лен : рус. нар. песня / обраб. А. Гришина. - Кос-Анатольский А. Молодичка-чарiвничка / сл. И. Кутеня. - Лянок : белорус. нар. песня / обраб. С. Грибкова. - Атары : казах. нар. песня / обраб. Н. Смирнова. - Милые мои друзья : узб. нар. песня / обраб. П. Левандо. - Песня невесты : кирг. нар. песня / обраб. О. Королькова. - Мухатов В. Цветут Каракумы / пер. с туркм. Ю. Полухина. - Нишанов В. Таджичка / сл. И. Сергеевой. - Кулиев Т. Песня о Баку : из кф. "Телефонистка" / сл. В. Кафарова. - Васадзе Г. Страна цветов / сл. Б. Перадзе. - Певец : арм. нар. песня / обраб. В. Дойникова. - Горбульскис Б. Может, через год / сл. Э. Межелайтиса. - Засверкал веночек мой : латыш. нар. песня / обраб. С. Грибкова ; авт. рус. текста В. Викторов. - До чего же важен я! : эст. нар. песня / обраб. В. Гончарова ; авт. рус. текста А. Шутко. - Веселый пастух : молд. нар. песня / обраб. Ф. Соломоника ; авт. рус. текста А. Шутко. |
| 461 |
Уровень набора |
_0 |
| 1 |
|
2001 |
| a |
|
Поет самодеятельный вокальный ансамбль |
| b |
|
Ноты |
| e |
|
в сопровожд. фп. и без сопровожд. |
| v |
|
Вып. 4 |
| f |
|
Ленинградский гос. ин-т культуры им. Н. К. Крупской, Кафедры хор. дирижирования и хороведения |
| 1 |
|
2101 |
| a |
|
Л. |
| c |
|
Музыка |
| d |
|
1975 - |
| 1 |
|
001UONB/NOTY/2b5ed6561eb548a68dfa2dda076c17f4 |
| 1 |
|
215 |
| d |
|
29 см |
| 464 |
Аналитический уровень |
_0 |
| 1 |
|
700 1 |
| a |
|
Мажуков |
| b |
|
А. |
| 1 |
|
702 1 |
| a |
|
Монастырев |
| b |
|
А. |
| 4 |
|
520 |
| 1 |
|
702 1 |
| a |
|
Писаржевская |
| b |
|
О. |
| 4 |
|
520 |
| 1 |
|
2001 |
| a |
|
Наша биография |
| 1 |
|
036 |
| t |
|
Мокрый ветер в лицо хлестал... |
| 464 |
Аналитический уровень |
_0 |
| 1 |
|
702 1 |
| a |
|
Гришин |
| b |
|
А. |
| 4 |
|
520 |
| 1 |
|
2001 |
| a |
|
Посеяли девки лен |
| e |
|
рус. нар. песня |
| 1 |
|
036 |
| t |
|
Посеяли девки лен... |
| 464 |
Аналитический уровень |
_0 |
| 1 |
|
700 1 |
| a |
|
Кос-Анатольский |
| b |
|
А. |
| 1 |
|
702 1 |
| a |
|
Кутень |
| b |
|
И. |
| 4 |
|
520 |
| 1 |
|
2001 |
| a |
|
Молодичка-чарiвничка |
| 1 |
|
036 |
| t |
|
Ой, на горi дичка... |
| 464 |
Аналитический уровень |
_0 |
| 1 |
|
702 1 |
| a |
|
Грибков |
| b |
|
С. |
| 4 |
|
520 |
| 1 |
|
2001 |
| a |
|
Лянок |
| e |
|
белорус. нар. песня |
| 1 |
|
036 |
| t |
|
"Ох, i сеяла Ульянiца лянок... |
| 464 |
Аналитический уровень |
_0 |
| 1 |
|
702 1 |
| a |
|
Смирнов |
| b |
|
Н. |
| 4 |
|
520 |
| 1 |
|
2001 |
| a |
|
Атары |
| e |
|
казах. нар. песня |
| 1 |
|
036 |
| t |
|
Атары-степной раздольный край.. |
| 464 |
Аналитический уровень |
_0 |
| 1 |
|
702 1 |
| a |
|
Левандо |
| b |
|
П. |
| 4 |
|
030 |
| 1 |
|
2001 |
| a |
|
Милые мои друзья |
| e |
|
узб. нар. песня |
| 1 |
|
036 |
| t |
|
Строим канал день за днем... |
| 464 |
Аналитический уровень |
_0 |
| 1 |
|
702 1 |
| a |
|
Корольков |
| b |
|
О. |
| 4 |
|
030 |
| 1 |
|
2001 |
| a |
|
Песня невесты |
| e |
|
кирг. нар. песня |
| 1 |
|
036 |
| t |
|
Иссыккуля волны пенят ветры дальние... |
| 464 |
Аналитический уровень |
_0 |
| 1 |
|
700 1 |
| a |
|
Мухатов |
| b |
|
В. |
| 1 |
|
702 1 |
| a |
|
Полухин |
| b |
|
Ю. |
| 4 |
|
730 |
| 1 |
|
2001 |
| a |
|
Цветут Каракумы |
| 1 |
|
036 |
| t |
|
На просторах Каракумов ветры бархатные тают... |
| 464 |
Аналитический уровень |
_0 |
| 1 |
|
700 1 |
| a |
|
Нишанов |
| b |
|
В. |
| 1 |
|
702 1 |
| a |
|
Сергеева |
| b |
|
И. |
| 4 |
|
520 |
| 1 |
|
2001 |
| a |
|
Таджичка |
| 1 |
|
036 |
| t |
|
Таджичка, вот старинный твой портрет... |
| 464 |
Аналитический уровень |
_0 |
| 1 |
|
700 1 |
| a |
|
Кулиев |
| b |
|
Т. |
| 1 |
|
702 1 |
| a |
|
Кафаров |
| b |
|
В. |
| 4 |
|
520 |
| 1 |
|
2001 |
| a |
|
Песня о Баку |
| e |
|
из кф. "Телефонистка |
| 1 |
|
036 |
| t |
|
Гордо стоишь ты на морском берегу... |
| 1 |
|
50010 |
| a |
|
Телефонистка |
| i |
|
Песня о Баку |
| 464 |
Аналитический уровень |
_0 |
| 1 |
|
700 1 |
| a |
|
Васадзе |
| b |
|
Г. |
| 1 |
|
702 1 |
| a |
|
Перадзе |
| b |
|
Б. |
| 4 |
|
520 |
| 1 |
|
2001 |
| a |
|
Страна цветов |
| 1 |
|
036 |
| t |
|
Шелком небо в вышине... |
| 464 |
Аналитический уровень |
_0 |
| 1 |
|
702 1 |
| a |
|
Дойников |
| b |
|
В. |
| 4 |
|
520 |
| 1 |
|
2001 |
| a |
|
Певец |
| e |
|
арм. нар. песня |
| 1 |
|
036 |
| t |
|
На лугах маки цветут... |
| 464 |
Аналитический уровень |
_0 |
| 1 |
|
700 1 |
| a |
|
Горбульскис |
| b |
|
Б. |
| 1 |
|
702 1 |
| a |
|
Межелайтис |
| b |
|
Э. |
| 4 |
|
520 |
| 1 |
|
2001 |
| a |
|
Может, через год |
| 1 |
|
036 |
| t |
|
Может, через год всего лишь... |
| 464 |
Аналитический уровень |
_0 |
| 1 |
|
702 1 |
| a |
|
Грибков |
| b |
|
С. |
| 4 |
|
030 |
| 1 |
|
702 1 |
| a |
|
Викторов |
| b |
|
В. |
| 4 |
|
730 |
| 1 |
|
2001 |
| a |
|
Засверкал веночек мой |
| e |
|
латыш. нар. песня |
| 1 |
|
036 |
| t |
|
Засверкал веночек мой... |
| 464 |
Аналитический уровень |
_0 |
| 1 |
|
702 1 |
| a |
|
Гончаров |
| b |
|
В. |
| 4 |
|
030 |
| 1 |
|
702 1 |
| a |
|
Шутко |
| b |
|
А. |
| 4 |
|
730 |
| 1 |
|
2001 |
| a |
|
До чего же важен я |
| e |
|
эст. нар. песня |
| 1 |
|
036 |
| t |
|
Я сегодня еду в Таллин... |
| 464 |
Аналитический уровень |
_0 |
| 1 |
|
702 1 |
| a |
|
Соломоник |
| b |
|
Ф. |
| 4 |
|
030 |
| 1 |
|
702 1 |
| a |
|
Шутко |
| b |
|
А. |
| 4 |
|
730 |
| 1 |
|
2001 |
| a |
|
Веселый пастух |
| e |
|
молд. нар. песня |
| 1 |
|
036 |
| t |
|
Говорят, давно в молдавских селах... |
| 512 |
Заглавие обложки |
1_ |
| a |
Заглавие обложки |
Поет самодеятельный вокальный ансамбль |
| 606 |
Тематические рубрики |
0_ |
| a |
Основная рубрика |
Ансамбли вокальные |
| x |
Основная подрубрика |
Массовые песни |
| x |
Основная подрубрика |
Лирические песни |
| x |
Основная подрубрика |
Народные песни |
| 610 |
Ключевые слова |
0_ |
| a |
Ключевые слова |
ансамбли вокальные; вокальные ансамбли; массовые песни; лирические песни; песни из кинофильмов |
| 686 |
Индексы других классификаций |
__ |
| a |
Классификационный индекс |
85.942.2я43 |
| 702 |
Вторичная интеллектуальная ответственность |
_1 |
| a |
Фамилия |
Модель |
| b |
Имя (инициалы) |
В. Г. |
| 4 |
Код отношения |
220 |
| 702 |
Вторичная интеллектуальная ответственность |
_1 |
| a |
Фамилия |
Грибков |
| b |
Имя (инициалы) |
С. Ф. |
| 4 |
Код отношения |
220 |
| 801 |
Источник записи |
_0 |
| a |
Страна |
RU |
| b |
Организация |
Ульяновская ОНБ |
| c |
Дата составления |
20220712 |
| g |
Правила каталогизации |
RCR |
| 801 |
Источник записи |
_1 |
| a |
Страна |
RU |
| b |
Организация |
Ульяновская ОНБ |
| c |
Дата составления |
20220712 |
| g |
Правила каталогизации |
RCR |
| 901 |
Тип документа |
__ |
| t |
Тип документа |
n |
| w |
Контрольный № источника |
UONB/NOTY/2b5ed6561eb548a68dfa2dda076c17f4 |
| 909 |
Создатель записи |
__ |
| a |
Создатель записи |
Никитина Т. А. |